| 000 | 00843nam a2200253Ia 4500 | ||
|---|---|---|---|
| 003 | OSt | ||
| 005 | 20220923224321.0 | ||
| 006 | a|||||r|||| 00| 0 | ||
| 007 | ta | ||
| 008 | 220922b |||||||| |||| 00| 0 hin d | ||
| 024 | _a231,045 | ||
| 037 | _cTextual | ||
| 040 |
_aARTS _cARTS _bhin |
||
| 041 |
_2hin _ahin |
||
| 082 | _aO152,1:g(P), K4 | ||
| 100 | _aशर्मा, कृष्णलाल | ||
| 245 | 0 | _aआधुनिक हिन्दी - कविता में ध्वनि | |
| 246 | _aĀdhunik hindī - kavitā mean dhvani | ||
| 260 |
_aकानपुर _b ग्रन्थम _c1964 |
||
| 300 |
_a444पृ. _ccm. |
||
| 650 |
_aहिन्दी साहित्य _9156264 |
||
| 942 |
_hO152,1:g(P), K4 _cTEXL _2CC |
||
| 999 |
_c370595 _d370595 |
||